00357nam a2200133Ia 4500003000400000008004100004020002300045040000800068100001900076245007300095260002800168300001500196365001200211LDD181029s9999 xx 000 0 und d a415384788cP 18.99 cLDD aWilknson, Paul 0aTerrorism Versus DemocracybThe Liberl State ResponsecPaul Wilknson aLondonbRoutledgec2006 axvii, 254p bP 18.99